Bribe payers index 2011 (Record no. 113000)

MARC details
000 -LEADER
fixed length control field 00845cad a22001935a 4500
001 - CONTROL NUMBER
control field L154475
008 - FIXED-LENGTH DATA ELEMENTS--GENERAL INFORMATION
fixed length control field 111212s2011 xxk f 000 0 eng d
035 ## - SYSTEM CONTROL NUMBER
System control number (Sirsi) u154475
041 0# - LANGUAGE CODE
Language code of text/sound track or separate title eng
110 2# - MAIN ENTRY--CORPORATE NAME
Corporate name or jurisdiction name as entry element Transparency International
9 (RLIN) 5230
245 00 - TITLE STATEMENT
Title Bribe payers index 2011
Medium [electronic resource]
260 ## - PUBLICATION, DISTRIBUTION, ETC.
Place of publication, distribution, etc. Brussels
Name of publisher, distributor, etc. Transparency International
Date of publication, distribution, etc. 2011
520 ## - SUMMARY, ETC.
Summary, etc. The results of this annual survey include a focus on public works contracts and construction; anti-corruption initiatives in public works contracts and construction; the Construction Sector Transparency Initiative (CoST).
590 ## - LOCAL NOTE (RLIN)
Local note KA NTK
651 #4 - SUBJECT ADDED ENTRY--GEOGRAPHIC NAME
Geographic name International
690 ## - LOCAL SUBJECT ADDED ENTRY--TOPICAL TERM (OCLC, RLIN)
Topical term or geographic name as entry element MANAGEMENT-BUSINESS MANAGEMENT-PROFESSIONAL PRACTICE
856 40 - ELECTRONIC LOCATION AND ACCESS
Uniform Resource Identifier <a href="https://bpi.transparency.org/results/">https://bpi.transparency.org/results/</a>
Public note Download the report free of charge at bpi.transparency.org
942 ## - ADDED ENTRY ELEMENTS (KOHA)
Suppress in OPAC 0
Holdings
Withdrawn status Lost status Source of classification or shelving scheme Damaged status Not for loan Home library Current library Shelving location Date acquired Total Checkouts Full call number Barcode Date last seen Copy number Price effective from Koha item type
    Dewey Decimal Classification     Virtual Virtual Online 12/12/2011   ONLINE PUBLICATION 154475-2001 06/08/2019 1 06/08/2019 Book